000 00256nam a2200097Ia 4500
008 231107s1991 xx 000 0 und d
041 _aeng
100 _aMurdock,L.J.
245 _aConcreale Materials & Practice
260 _aLondon
_bEdward Arnold & Co.
_c1991
999 _c922291
_d922291